书目信息 |
| 题名: |
生命科学与工程概论
|
|
| 作者: | 高晓蓉 , 李文利 主编 | |
| 分册: | ||
| 出版信息: | 北京 化学工业出版社 2007 |
|
| 页数: | 230页 | |
| 开本: | 21cm | |
| 丛书名: | ||
| 单 册: | ||
| 中图分类: | Q1-0 | |
| 科图分类: | ||
| 主题词: | 生命科学--概论 , 生命科学 | |
| 电子资源: | ||
| ISBN: | 978-7-122-00091-0 | |
| 000 | 00941nam0 2200253 450 | |
| 001 | 012007166954 | |
| 005 | 20070522164357.90 | |
| 010 | @a978-7-122-00091-0@dCNY16.00 | |
| 100 | @a20070515d2007 km y0chiy0120 ea | |
| 101 | 0 | @achi |
| 102 | @aCN@b110000 | |
| 105 | @ay z 000yy | |
| 106 | @ar | |
| 200 | 1 | @a生命科学与工程概论@Asheng ming ke xue yu gong cheng gai lun@f高晓蓉,李文利主编@Fgao xiao rong,li wen li zhu bian |
| 210 | @a北京@c化学工业出版社@d2007 | |
| 215 | @a230页@d21cm | |
| 330 | @a本书共分上、下两篇。上篇是生命科学基础知识介绍,内容包括生命的物质组成、物质能量代谢、基因与染色体、遗传病与基因治疗等;下篇概述了与生命科学相关的工程技术原理及应用,现代分子生物学技术与人类社会发展等方面的内容和前沿问题。 | |
| 606 | 0 | @a生命科学@x概论 |
| 606 | 0 | @a生命科学 |
| 690 | @aQ1-0@v4 | |
| 701 | 0 | @a高晓蓉@Agao xiao rong@4主编 |
| 701 | 0 | @a李文利@Ali wen li@4主编 |
| 801 | 0 | @aCN@bRULIN@c20070522 |
| 905 | @dQ1-0@e121@s8 | |
| 生命科学与工程概论/高晓蓉,李文利主编.-北京:化学工业出版社,2007 |
| 230页;21cm |
| ISBN 978-7-122-00091-0:CNY16.00 |
| 本书共分上、下两篇。上篇是生命科学基础知识介绍,内容包括生命的物质组成、物质能量代谢、基因与染色体、遗传病与基因治疗等;下篇概述了与生命科学相关的工程技术原理及应用,现代分子生物学技术与人类社会发展等方面的内容和前沿问题。 |
| ● |
| 相关链接 |
|
|
|
|
正题名:生命科学与工程概论
索取号:Q1-0/121
 
预约/预借
| 序号 | 登录号 | 条形码 | 馆藏地/架位号 | 状态 | 备注 |
| 1 | 0579173 | 205791730 | 第二样本阅览室/ [索取号:Q1-0/121] | 在馆 | |
| 2 | 0579174 | 205791749 | 第三借阅区/ [索取号:Q1-0/121] | 在馆 | |
| 3 | 0579175 | 205791758 | 第三借阅区/ [索取号:Q1-0/121] | 在馆 | |
| 4 | 0579176 | 205791767 | 第三借阅区/ [索取号:Q1-0/121] | 在馆 | |
| 5 | 0579177 | 205791776 | 第三借阅区/ [索取号:Q1-0/121] | 在馆 | |
| 6 | 0579178 | 205791785 | 第三借阅区/ [索取号:Q1-0/121] | 在馆 | |
| 7 | 0579179 | 205791794 | 第三借阅区/ [索取号:Q1-0/121] | 在馆 | |
| 8 | 0579180 | 205791801 | 第三借阅区/ [索取号:Q1-0/121] | 在馆 |